Sports Quiz

Random Sports or Football Quiz

English Football Title Hat-tricks Quiz Stats

Quiz not verified by Sporcle

Also try: NHL Closest Team
Challenge
Share
Tweet
Embed
Score 0/9 Timer 10:00
0 Plays Today
Divisions Teams % Correct
Premier League/Championship (1st & 2nd Tier)Manchester City
92.6%
Premier League/Championship (1st & 2nd Tier)Liverpool
80.9%
Premier League/Championship (1st & 2nd Tier)Newcastle United
75%
Premier League/Championship (1st & 2nd Tier)Leeds United
69.1%
Premier League/Championship (1st & 2nd Tier)Sunderland
61.8%
Premier League/Championship/League One (1st, 2nd & 3rd Tier)Wolverhampton Wanderers
54.4%
Premier League/Championship (1st & 2nd Tier)Sheffield Wednesday
48.5%
Championship/League Two (2nd & 4th Tier)Notts County
26.5%
League One/League Two (3rd & 4th Tier)Doncaster Rovers
1.5%

You're not logged in!

Compare scores with friends on all Sporcle quizzes.
Sign Up with Email
OR
Log In

You Might Also Like...

Show Comments

Extras

Top Quizzes Today


Score Distribution

Your Account Isn't Verified!

In order to create a playlist on Sporcle, you need to verify the email address you used during registration. Go to your Sporcle Settings to finish the process.